Mademoiselle Saphir (Record no. 54128)

MARC details
000 -LEADER
campo de control de longitud fija 00597nam a22001935i 4500
001 - NÚMERO DE CONTROL
campo de control 54128
003 - IDENTIFICADOR DE NÚMERO DE CONTROL
campo de control ES-MaACL
005 - FECHA Y HORA DE LA ÚLTIMA TRANSACCIÓN
campo de control 20240518063026.0
007 - CAMPO FIJO DE DESCRIPCIÓN FÍSICA--INFORMACIÓN GENERAL
campo de control de longitud fija t|
008 - DATOS DE LONGITUD FIJA--INFORMACIÓN GENERAL
campo de control de longitud fija 960715s1870 fr ||||1| fre d
040 ## - FUENTE DE CATALOGACIÓN
Centro catalogador/agencia de origen CAM
Lengua de catalogación spa
Centro/agencia transcriptor CAM
100 0# - ENTRADA PRINCIPAL--NOMBRE DE PERSONA
Nombre de persona Féval, Paul,
Fechas asociadas al nombre 1816-1887
9 (RLIN) 50646
245 10 - MENCIÓN DEL TÍTULO
Título Mademoiselle Saphir
Resto del título : (deuxième partie de l'Avaleur de sabres) /
Mención de responsabilidad, etc. par Paul Féval.
250 ## - MENCION DE EDICION
Mención de edición 2e éd.
260 ## - PUBLICACIÓN, DISTRIBUCIÓN, ETC.
Lugar de publicación, distribución, etc. Paris :
Nombre del editor, distribuidor, etc. E. Dentu, éditeur,
Fecha de publicación, distribución, etc. 1870 (
Fabricante Typ. Arrieu, Lejay et Cie)
300 ## - DESCRIPCIÓN FÍSICA
Extensión [4], 358 p. ;
Dimensiones 19 cm.
852 ## - LOCALIZACIÓN
Ubicación ES-MaACL
Número de control de estantería D-860
Holdings
Estatus retirado Estado de pérdida Estado de daño No para préstamo Colección Biblioteca de origen Biblioteca actual Ubicación en estantería Fecha de adquisición Fuente de adquisición Total de préstamos Signatura topográfica completa Código de barras Visto por última vez Precio de reemplazo Tipo de ítem Koha
        Libros del s. XIX Biblioteca del Ateneo de Madrid Biblioteca del Ateneo de Madrid Sala Valle Inclán 17/01/2008     D-860 901056885 23/02/2023 23/02/2023 Libro impreso antiguo